Una cola especial / (Record no. 29579)

MARC details
000 -LEADER
fixed length control field 00584 a2200217 4500
001 - CONTROL NUMBER
control field sjds
003 - CONTROL NUMBER IDENTIFIER
control field sjds
005 - DATE AND TIME OF LATEST TRANSACTION
control field 20240519165101.0
008 - FIXED-LENGTH DATA ELEMENTS--GENERAL INFORMATION
fixed length control field 240519b |||||||| |||| 00| 0 spa d
020 ## - INTERNATIONAL STANDARD BOOK NUMBER
International Standard Book Number 0395630592
020 ## - INTERNATIONAL STANDARD BOOK NUMBER
International Standard Book Number 9780395630594
040 ## - CATALOGING SOURCE
Transcribing agency sjds
041 ## - LANGUAGE CODE
Language code of text/sound track or separate title spa
100 1# - MAIN ENTRY--PERSONAL NAME
Personal name Robleda, Margarita
245 ## - TITLE STATEMENT
Title Una cola especial /
Statement of responsibility, etc. Margarita Robleda, Maribel Suarez
260 ## - PUBLICATION, DISTRIBUTION, ETC. (IMPRINT)
Place of publication, distribution, etc. Boston,
Name of publisher, distributor, etc. Houghton Mifflin,
Date of publication, distribution, etc. 1993, c1990.
300 ## - PHYSICAL DESCRIPTION
Extent 23 pages :
Other physical details color illustrations ;
Dimensions 23 cm
440 ## - SERIES STATEMENT/ADDED ENTRY--TITLE
Title Celebremos la literatura
700 1# - ADDED ENTRY--PERSONAL NAME
Personal name Suarez, Maribel
942 ## - ADDED ENTRY ELEMENTS (KOHA)
Koha item type Libro/Book
Holdings
Withdrawn status Lost status Damaged status Not for loan Home library Current library Date acquired Total Checkouts Full call number Barcode Date last seen Date checked out Price effective from Koha item type Inventory number
        San Juan Del Sur -- Mobile San Juan Del Sur -- Mobile 29/04/2024 3 JI 33005078 06/11/2024 31/10/2024 29/04/2024 Libro/Book  
        San Juan Del Sur -- Mobile San Juan Del Sur -- Mobile 27/05/2024 3 JI 33005081 06/11/2024 02/10/2024 27/05/2024 Libro/Book  
        San Juan Del Sur -- Mobile San Juan Del Sur -- Mobile 13/03/2025   JI 30030827 13/03/2025   13/03/2025 Libro/Book Inventory date: 13-3-25
        San Juan Del Sur -- Mobile San Juan Del Sur -- Mobile 13/03/2025   JI 30030822 13/03/2025   13/03/2025 Libro/Book Inventory date: 13-3-25

Powered by Koha